000 00611nam a2200217 a 4500
001 BRL_667
005 20190320210837.0
008 230913s1953----nyuao#####---#000-0#eng-#
041 _aeng
044 _anyu
050 4 _aND553
_b.W47 1953
100 1 _aWerner, Alfred
_d1911-1979
_916447
245 1 0 _aRaoul Dufy, 1877-1953
_ctext by Alfred Werner.
260 _aNew York
_bHarry N. Abrams : Pocket Books
_c1953
300 _a[68] p.
_bil., láminas
_c17 cm.
440 0 _aPocket Library of Great Art
_924586
500 _aAu731
600 1 4 _aDufy, Raoul
_d1877-1953
_916535
902 _aGRL
942 _2lcc
_cB
999 _c9479
_d9479